000
00273nam a22001097a 4500
082
_a
SYV
100
_a
Syvitski, James P. M.
245
_a
Principles, Methods and Application of Particle Size Analysis
260
_a
India:
_b
Wiley,
_c
1991.
300
_a
362p. ;
942
_c
BK
999
_c
57357
_d
57354